| 000 | 00453cam a2200181ua 4500 | ||
|---|---|---|---|
| 001 | 3048 | ||
| 008 | 110922n ii |||gr||||Z||||||asm | ||
| 040 | _cMAIN | ||
| 082 | _a920 | ||
| 100 | 1 | _aChaliha, Kamaleswar , | |
| 245 | 1 | 1 |
_aAbraham Linclon _cby Kameleswar Chaliha |
| 250 | _a1st. | ||
| 260 |
_aGuahati: _bJatindranaraya dutta baruah,986. |
||
| 300 |
_a46p: _c23cm. |
||
| 653 | _aBiography | ||
| 653 | _aBiography of Abraham Linclon | ||
| 942 | _cBK | ||
| 999 |
_c2895 _d2895 |
||